<?xml version="1.0" encoding="UTF-8"?>
<record
    xmlns:xsi="http://www.w3.org/2001/XMLSchema-instance"
    xsi:schemaLocation="http://www.loc.gov/MARC21/slim http://www.loc.gov/standards/marcxml/schema/MARC21slim.xsd"
    xmlns="http://www.loc.gov/MARC21/slim">

  <leader>01278nam a2200277   4500</leader>
  <controlfield tag="001">127253</controlfield>
  <controlfield tag="003">ES-MaACL</controlfield>
  <controlfield tag="005">20230906192956.0</controlfield>
  <controlfield tag="007">t|</controlfield>
  <controlfield tag="008">070214m19471955sp      r    ||||1| spa d</controlfield>
  <datafield tag="100" ind1="1" ind2=" ">
    <subfield code="a">Reynold, Gonzague de.</subfield>
    <subfield code="9">96625</subfield>
  </datafield>
  <datafield tag="245" ind1="1" ind2="3">
    <subfield code="a">La formaci&#xF3;n de Europa / </subfield>
    <subfield code="c">Gonzague de Reynold.</subfield>
  </datafield>
  <datafield tag="260" ind1=" " ind2=" ">
    <subfield code="a">Madrid : </subfield>
    <subfield code="b">Pegaso, </subfield>
    <subfield code="c">1947-1955.</subfield>
  </datafield>
  <datafield tag="300" ind1=" " ind2=" ">
    <subfield code="a">5 tomos en 6 v. ; </subfield>
    <subfield code="c">22 cm.</subfield>
  </datafield>
  <datafield tag="505" ind1="8" ind2=" ">
    <subfield code="a">Contiene: Tomo I. &#xBF;Qu&#xE9; es Europa?. Tomo II. El mundo griego y su pensamiento, traducci&#xF3;n de Jos&#xE9; Miguel de Azaola. Tomo III. El helenismo y el genio europeo, traducci&#xF3;n de Jos&#xE9; Miguel de Azaola. Tomo IV. El Imperio Romano. traducci&#xF3;n de Jos&#xE9; Miguel de Azaola. Tomo V. El mundo b&#xE1;rbaro y su fusi&#xF3;n con el romano. 1. Los celtas, traducci&#xF3;n de Jos&#xE9; Miguel de Azaola. 2. Los germanos, traducci&#xF3;n de J. Garc&#xED;a Mercadel</subfield>
  </datafield>
  <datafield tag="700" ind1="1" ind2=" ">
    <subfield code="a">Azaola, Jos&#xE9; Miguel de (</subfield>
    <subfield code="d">1917-2007)</subfield>
    <subfield code="9">24229</subfield>
  </datafield>
  <datafield tag="700" ind1="1" ind2=" ">
    <subfield code="a">Garc&#xED;a Mercadel, J.</subfield>
    <subfield code="9">54946</subfield>
  </datafield>
  <datafield tag="740" ind1="0" ind2=" ">
    <subfield code="a">&#xBF;Qu&#xE9; es Europa?</subfield>
  </datafield>
  <datafield tag="740" ind1="0" ind2=" ">
    <subfield code="a">El mundo griego y su pensamiento.</subfield>
  </datafield>
  <datafield tag="740" ind1="0" ind2=" ">
    <subfield code="a">El helenismo y el genio europeo.</subfield>
  </datafield>
  <datafield tag="740" ind1="0" ind2=" ">
    <subfield code="a">El Imperio Romano.</subfield>
  </datafield>
  <datafield tag="740" ind1="0" ind2=" ">
    <subfield code="a">El mundo b&#xE1;rbaro y su fusi&#xF3;n con el romano.</subfield>
  </datafield>
  <datafield tag="740" ind1="0" ind2=" ">
    <subfield code="a">Los celtas.</subfield>
  </datafield>
  <datafield tag="740" ind1="0" ind2=" ">
    <subfield code="a">Los germanos.</subfield>
  </datafield>
  <datafield tag="852" ind1=" " ind2=" ">
    <subfield code="a">ES-MaACL</subfield>
    <subfield code="j">E-9925-30 </subfield>
    <subfield code="b">R.24059</subfield>
  </datafield>
  <datafield tag="999" ind1=" " ind2=" ">
    <subfield code="c">127253</subfield>
    <subfield code="d">127253</subfield>
  </datafield>
  <datafield tag="952" ind1=" " ind2=" ">
    <subfield code="0">0</subfield>
    <subfield code="1">0</subfield>
    <subfield code="4">0</subfield>
    <subfield code="7">0</subfield>
    <subfield code="a">ATENEOM</subfield>
    <subfield code="b">ATENEOM</subfield>
    <subfield code="c">DEPO2</subfield>
    <subfield code="d">2008-01-17</subfield>
    <subfield code="e">SC</subfield>
    <subfield code="l">0</subfield>
    <subfield code="o">E-9925-30</subfield>
    <subfield code="p">1132543</subfield>
    <subfield code="r">2023-02-23 00:00:00</subfield>
    <subfield code="w">2023-02-23</subfield>
    <subfield code="y">MONOGRAFIA</subfield>
  </datafield>
</record>
